000 00645nam a2200229Ia 4500
003 OSt
005 20220926043831.0
006 a|||||r|||| 00| 0
007 ta
008 220923b |||||||| |||| 00| 0 eng d
037 _cGeneral Book
040 _aRTL
_cRTL
_beng
041 _2eng
_aeng
082 _aY76.73, H9
100 _aDavie Maurice Rea
_9348301
245 0 _aNegroes in American society
260 _c1949
490 _aMcGraw-Hill Series in Sociology and Anthropology ed by Richard T LaPiere,5
650 _aAfrican Society
942 _hY76.73, H9
_cGB
_2CC
999 _c673356
_d673356